Shakai shugi keizai kenkyū /
Saved in:
| Main Author: | |
|---|---|
| Format: | Book |
| Language: | Japanese |
| Published: |
Tōkyō :
Hōsei Daigaku Shuppankyoku,
1975-
|
| Subjects: | |
| Tags: |
Add Tag
No Tags, Be the first to tag this record!
|
| LEADER | 01037nam a2200289ui 4500 | ||
|---|---|---|---|
| 001 | 007748476-2 | ||
| 005 | 20170111144314.0 | ||
| 008 | 940706m19759999ja b 000 0 jpn | ||
| 010 | |a 75807991 | ||
| 015 | |a Ja75-11076(v.1) | ||
| 035 | 0 | |a ocm34448404 | |
| 040 | |a DLC |c CU-SB |d *YNH* |d CStRLIN | ||
| 050 | |a HB97.5 |b .O388 | ||
| 100 | 1 | |6 880-01 |a Okada, Hiroyuki, |d 1928- | |
| 245 | 1 | 0 | |6 880-02 |a Shakai shugi keizai kenkyū / |c Okada Hiroyuki cho. |
| 260 | |6 880-03 |a Tōkyō : |b Hōsei Daigaku Shuppankyoku, |c 1975- | ||
| 300 | |a v. ; |c 22 cm. | ||
| 505 | 1 | |6 880-04 |a 1. Joron, shōhinron -- 2. Kahei kigyō rōchin ron. | |
| 504 | |a Includes bibliographical references. | ||
| 650 | 0 | |a Marxian economics. | |
| 651 | 0 | |a Communist countries |x Economic policy. | |
| 880 | 1 | |6 100-01 |a 岡田裕之, |d 1928- | |
| 880 | 1 | 0 | |6 245-02 |a 社会主義経済研究 / |c 岡田裕之著. |
| 880 | |6 260-03 |a 東京 : |b 法政大学出版局, |c 1975- | ||
| 880 | 1 | |6 505-04 |a 1. 序論・商品論 -- 2. 貨幣・企業労賃論. | |
| 988 | |a 20021220 | ||
| 906 | |0 DLC | ||


